An Introduction to the Engineering of Fast Nuclear Reactors
Enregistré dans:
| Auteur principal: | |
|---|---|
| Format: | Livre |
| Langue: | anglais |
| Publié: |
New York :
Cambridge University Press,
2014
|
| Édition: | 1. vyd. |
| Tags: |
Pas de tags, Soyez le premier à ajouter un tag!
|
MARC
| LEADER | 00000nam a22000003a 4500 | ||
|---|---|---|---|
| 001 | stu289657 | ||
| 005 | 20150617230255.6 | ||
| 008 | 140520s--------xxu-----------------eng-d | ||
| 020 | |a 978-1-107-03464-8 | ||
| 040 | |a STU |b slo | ||
| 041 | 0 | |a eng | |
| 044 | |a xxu | ||
| 080 | |a 530(083) | ||
| 100 | 1 | |a Judd, Anthony M. |4 aut | |
| 245 | 1 | |a An Introduction to the Engineering of Fast Nuclear Reactors | |
| 250 | |a 1. vyd. | ||
| 260 | |a New York : |b Cambridge University Press, |c 2014 | ||
| 300 | |a 289 s | ||
| 996 | |b 284EK89348 |c E*89348 |l EE36 |s P |a 0 |w stu289657_0001 | ||
| 996 | |b 284EK89377 |c E*89377 |l EE36 |s P |a 0 |w stu289657_0002 | ||